LDR 01230naa#a2200205#i#450# 001 RU\\bibl\121192 005 20260513015700.3 011 ## _a2409-1073 100 ## _a20141121b2014####ek#y0rusy0150####ca 101 0# _aRUS 102 ## _aRU 200 1# _aАнализ действующей системы управления инновационной деятельностью в Российской Федерации _eЖурнальная статья 210 1# _aМосква _cФедеральное государственное автономное образовательное учреждение высшего образования Национальный исследовательский университет "Московский институт электронной техники" _d2014 215 ## _a5 с. 608 ## _aЖурнальная статья _2local 675 ## _aРегулирование. Регламентирование (регламентация). 332.025.12 _zRUS 700 #1 _aТихомирова _gИрина Игоревна 700 #1 _aГоренко _gЛюбовь Григорьевна 700 #1 _aАндреева _gАлександра Андреевна 856 4# _aesgi-journal.ru _u